| 000 | 00493 a2200193 4500 | ||
|---|---|---|---|
| 003 | sjds | ||
| 005 | 20250526043146.0 | ||
| 008 | 250526b |||||||| |||| 00| 0 spa d | ||
| 020 | _a9789992471197 | ||
| 020 | _a9992471190 | ||
| 040 | _csjds | ||
| 041 | _aspa | ||
| 100 | _aDario, Ruben | ||
| 245 |
_aEl canto errante / _cRuben Dario. |
||
| 260 |
_aManagua : _bAmerrisque, _c2007. |
||
| 300 |
_a66 pages ; _c21 cm. |
||
| 440 | _aColeccion "Biblioteca dariana", Serie Azul. | ||
| 942 | _cBK | ||
| 999 |
_c14566 _d14566 |
||